| 000 | 00441nam a2200181Ia 4500 | ||
|---|---|---|---|
| 001 | 1848 | ||
| 005 | 20260306143759.0 | ||
| 008 | 260306t1985||||xx |||||||||||||| ||spa|| | ||
| 041 | _aESP | ||
| 082 |
_a155.7 _bP674 T. 1 |
||
| 100 |
_aMarchesi, Alvaro _eAUT |
||
| 245 | 0 |
_aPsicología evolutiva : _bteorías y métodos |
|
| 260 | _c1985 | ||
| 300 |
_a467 páginas : _c23 cm. |
||
| 650 | _aGEN | ||
| 654 | _aCPS | ||
| 942 |
_cLIB _dJUS _fJUS _2ddc _n |
||
| 999 |
_c1848 _d1848 |
||